Entwicklungsländer und GATT.

Záujmy rozvojových krajín o prijatie do GATT. Oblasti pôsobenia GATT popri colných zvýhodneniach predstavujú aj určenie colnej hodnoty, licenčná politika pri importe, subvencie a vyrovnávacie clá a pod. Snahy rozvojových krajín po reforme GATT.

Salvato in:
Dettagli Bibliografici
Autore principale: Klose, J.
Natura: Capitolo di libro
Lingua:tedesco
Soggetti:
Tags: Aggiungi Tag
Nessun Tag, puoi essere il primo ad aggiungerne!!

MARC

LEADER 00000naa a2200000 4500
001 r002446
005 20240618122426.5
041 0 |a ger 
044 |a DE 
245 1 0 |a Entwicklungsländer und GATT.  |c J. Klose 
520 |a Záujmy rozvojových krajín o prijatie do GATT. Oblasti pôsobenia GATT popri colných zvýhodneniach predstavujú aj určenie colnej hodnoty, licenčná politika pri importe, subvencie a vyrovnávacie clá a pod. Snahy rozvojových krajín po reforme GATT. 
610 2 0 |a GATT 
610 2 0 |a clá 
610 2 0 |a reformy hospodárske 
610 2 0 |a dovoz 
610 2 0 |a politika colná 
610 2 0 |a licencie 
610 2 0 |a krajiny rozvojové 
100 1 |a Klose, J.